000 01652cam a22004814i 4500
003 PE-LiUPU
005 20250731165545.0
008 150625s r 000 0 d
035 _a(Sirsi) a33887
035 _a(Sirsi) a33887
040 _aPE-LiUPU
_bspa
_cPE-LiUPU
_erda
082 0 4 _a221.7
_bWBUL
_221
100 1 _aHobbs, T. R.,
_eautor.
245 1 0 _a2 Kings.
_n13 /
_cT. R. Hobbs.
264 1 _aWaco, Texas :
_bWord Books,
_c1985.
300 _a
336 _atext
_2rdacontent
337 _aunmediated
_2rdamedia
338 _avolume
_2rdacarrier
505 0 _aAhaziah and Elijah. -The ascension of Elijah. -Jehoshaphat and Joram against Moab. -Elisha's Works. -The lepers and the syrians. -The revolt against athaliah.
526 _aSEG44
526 _aSEG26
526 _aP151
526 _aP150
526 _aP149
526 _aP146
526 _aP145
526 _aP126
526 _aP125
526 _aP92
526 _aP75
526 _aP74
526 _aP27
526 _aP15
630 _aBiblia.
_pA.T.
_pReyes II
_xComentarios.
910 _a
942 _2ddc
_cBOOK
949 _aRC 221.7 WBC 13
_wDEWEY
_c1
_i37738
_lRC
_mBUL
_r0
_sY
_tBOOK
_u2015-6-25
_xBIBLIOTECA
_zUNKNOWN
_0COMPRA
_o.CIRCNOTE. No olvidar cambiar la fecha de devolución!!!!!!!
_o.STAFF. Colección General
994 _aC0
_bPEPRU
596 _a1
999 _aRC 221.7 WBC 13
_wDEWEY
_c41683
_i37738
_d41683
_f2021-11-8
_g6
_lCCODEBUL1
_mBUL
_q3
_r1
_sY
_tBOOK
_u2015-6-25
_xTEOLOGIA
_zUNKNOWN
_0COMPRA
_o.CIRCNOTE. No olvidar cambiar la fecha de devolución!!!!!!!
_o.STAFF. Colección General
980 _81
_gALBERTO SANCHEZ Responsable de Automatización